000 00464nam a22001337a 4500
008 230704b xxu||||| |||| 00| 0 eng d
082 _a342
_bCKRC
110 _bThe Constitution of kenya Review Commission
245 _aReport of the Constitution of Kenya Review Commission
_bVolume 4
_cConstituency Constitutional Forum Reports
_hConstituency no: 94
260 _bThe Constitution of kenya Review Commission
_c2003
300 _a52p
440 _v4
942 _2ddc
_cBK
999 _c3716
_d3716